Nietzsche contra Heidegger: Elementos ontologicos y politicos para un dialogo con Hannah Arendt (Registro nro. 136997)

Detalles MARC
001 - NÚMERO DE CONTROL
campo de control 573069
005 - FECHA Y HORA DE LA ÚLTIMA TRANSACCIÓN
campo de control 20241108090419.0
008 - DATOS DE LONGITUD FIJA--INFORMACIÓN GENERAL
campo de control de longitud fija 991203e19971201 spa
035 ## - NÚMERO DE CONTROL DEL SISTEMA
Número de control de sistema 573069
035 ## - NÚMERO DE CONTROL DEL SISTEMA
Número de control de sistema (OCoLC)819821535
040 ## - FUENTE DE LA CATALOGACIÓN
Centro/agencia transcriptor comduadb
041 ## - CÓDIGO DE LENGUA
Código de lengua del texto/banda sonora o título independiente spa
100 10 - ENTRADA PRINCIPAL--NOMBRE DE PERSONA
Nombre de persona Quesada Martín, Julio
Código de función aut
Término indicativo de función/relación Autor/a
9 (RLIN) 305889
245 10 - MENCIÓN DE TÍTULO
Título Nietzsche contra Heidegger: Elementos ontologicos y politicos para un dialogo con Hannah Arendt
600 14 - PUNTO DE ACCESO ADICIONAL DE MATERIA--NOMBRE DE PERSONA
Nombre de persona Arendt, Hannah,
Fechas asociadas al nombre 1906-1975
9 (RLIN) 239229
600 14 - PUNTO DE ACCESO ADICIONAL DE MATERIA--NOMBRE DE PERSONA
Nombre de persona Nietzsche, Friedrich,
Fechas asociadas al nombre 1844-1900
9 (RLIN) 856386
600 14 - PUNTO DE ACCESO ADICIONAL DE MATERIA--NOMBRE DE PERSONA
Nombre de persona Heidegger, Martin,
Fechas asociadas al nombre 1889-1976
9 (RLIN) 238054
650 ## - PUNTO DE ACCESO ADICIONAL DE MATERIA--TÉRMINO DE MATERIA
Término de materia o nombre geográfico como elemento de entrada Silencio
9 (RLIN) 27687
650 #7 - PUNTO DE ACCESO ADICIONAL DE MATERIA--TÉRMINO DE MATERIA
Término de materia o nombre geográfico como elemento de entrada Ontología
Fuente del encabezamiento o término lemb
9 (RLIN) 1524
650 #7 - PUNTO DE ACCESO ADICIONAL DE MATERIA--TÉRMINO DE MATERIA
Término de materia o nombre geográfico como elemento de entrada Nacionalsocialismo
Fuente del encabezamiento o término lemb
9 (RLIN) 32372
773 0# - ENLACE AL DOCUMENTO FUENTE/ENTRADA DE REGISTRO ANFITRIÓN
Título Revista de Filosofía (Madrid)
Parte(s) relacionada(s) Volumen 10, Número 18, Diciembre de 1997, p. 113-132
Número de control del registro 119735
Número Internacional Normalizado para Publicaciones Seriadas 0034-8244
Número bibliográfico anfitrión 71355
942 ## - ELEMENTOS DE ENTRADA AGREGADA (KOHA)
Tipo de ítem Koha Artículo de Revista

No hay ítems disponibles.